<?xml version="1.0" encoding="UTF-8"?>
<collection xmlns="http://www.loc.gov/MARC21/slim">
 <record>
  <leader>03026aam a22003498a 4500</leader>
  <controlfield tag="001">NCT_12009</controlfield>
  <controlfield tag="008">130104s2012                  ||||||viesd</controlfield>
  <datafield tag="999" ind1=" " ind2=" ">
   <subfield code="c">573</subfield>
   <subfield code="d">573</subfield>
  </datafield>
  <datafield tag="020" ind1=" " ind2=" ">
   <subfield code="c">118000</subfield>
   <subfield code="a">9786048636715</subfield>
  </datafield>
  <datafield tag="082" ind1="1" ind2="4">
   <subfield code="2">23rd ed.</subfield>
   <subfield code="a">345.5970711</subfield>
   <subfield code="b">O107</subfield>
  </datafield>
  <datafield tag="100" ind1="1" ind2=" ">
   <subfield code="a">Võ Thị Kim Oanh</subfield>
   <subfield code="e">Chủ biên</subfield>
  </datafield>
  <datafield tag="245" ind1="1" ind2="0">
   <subfield code="a">Giáo trình luật tố tụng hình sự Việt Nam</subfield>
   <subfield code="c">Võ Thị Kim Oanh (chủ biên)</subfield>
  </datafield>
  <datafield tag="260" ind1=" " ind2=" ">
   <subfield code="a">H.</subfield>
   <subfield code="b">Hồng Đức ; Hội Luật gia Việt Nam</subfield>
   <subfield code="c">2015</subfield>
  </datafield>
  <datafield tag="300" ind1=" " ind2=" ">
   <subfield code="a">659tr.</subfield>
   <subfield code="c">21cm</subfield>
  </datafield>
  <datafield tag="520" ind1="3" ind2=" ">
   <subfield code="a">Khái niệm, nhiệm vụ, nguồn và các nguyên tắc cơ bản của luật tố tụng hình sự Việt Nam; cơ quan tiến hành tố tụng, người tiến hành tố tụng và người tham gia tố tụng hình sự; chứng cứ và chứng minh trong tố tụng hình sự; biện pháp ngăn chặn trong luật tố tụng hình sự; khởi tố, điều tra, truy tố, xét xử sơ thẩm vụ án hình sự...</subfield>
  </datafield>
  <datafield tag="653" ind1=" " ind2=" ">
   <subfield code="a">Luật học</subfield>
  </datafield>
  <datafield tag="655" ind1=" " ind2="7">
   <subfield code="a">Giáo trình</subfield>
  </datafield>
  <datafield tag="700" ind1="1" ind2=" ">
   <subfield code="a">Nguyễn Duy Hưng</subfield>
  </datafield>
  <datafield tag="700" ind1="1" ind2=" ">
   <subfield code="a">Lê Huỳnh Tấn Duy</subfield>
  </datafield>
  <datafield tag="700" ind1="1" ind2=" ">
   <subfield code="a">Lê Tiến Châu</subfield>
  </datafield>
  <datafield tag="942" ind1=" " ind2=" ">
   <subfield code="2">ddc</subfield>
   <subfield code="c">BK</subfield>
  </datafield>
  <datafield tag="952" ind1=" " ind2=" ">
   <subfield code="0">0</subfield>
   <subfield code="1">0</subfield>
   <subfield code="2">ddc</subfield>
   <subfield code="4">0</subfield>
   <subfield code="6">345_597071100000000_O107</subfield>
   <subfield code="7">0</subfield>
   <subfield code="9">4132</subfield>
   <subfield code="a">000001</subfield>
   <subfield code="b">000001</subfield>
   <subfield code="d">2017-11-23</subfield>
   <subfield code="l">1</subfield>
   <subfield code="o">345.5970711 O107</subfield>
   <subfield code="p">MD.02537</subfield>
   <subfield code="r">2021-01-13</subfield>
   <subfield code="s">2021-01-06</subfield>
   <subfield code="v">118000.00</subfield>
   <subfield code="w">2017-11-23</subfield>
   <subfield code="y">BK</subfield>
  </datafield>
  <datafield tag="952" ind1=" " ind2=" ">
   <subfield code="0">0</subfield>
   <subfield code="1">0</subfield>
   <subfield code="2">ddc</subfield>
   <subfield code="4">0</subfield>
   <subfield code="6">345_597071100000000_O107</subfield>
   <subfield code="7">0</subfield>
   <subfield code="9">4133</subfield>
   <subfield code="a">000001</subfield>
   <subfield code="b">000001</subfield>
   <subfield code="d">2017-11-23</subfield>
   <subfield code="l">4</subfield>
   <subfield code="o">345.5970711 O107</subfield>
   <subfield code="p">MD.02538</subfield>
   <subfield code="r">2021-01-20</subfield>
   <subfield code="s">2021-01-08</subfield>
   <subfield code="v">118000.00</subfield>
   <subfield code="w">2017-11-23</subfield>
   <subfield code="y">BK</subfield>
  </datafield>
  <datafield tag="952" ind1=" " ind2=" ">
   <subfield code="0">0</subfield>
   <subfield code="1">0</subfield>
   <subfield code="2">ddc</subfield>
   <subfield code="4">0</subfield>
   <subfield code="6">345_597071100000000_O107</subfield>
   <subfield code="7">0</subfield>
   <subfield code="9">4134</subfield>
   <subfield code="a">000001</subfield>
   <subfield code="b">000001</subfield>
   <subfield code="d">2017-11-23</subfield>
   <subfield code="o">345.5970711 O107</subfield>
   <subfield code="p">MD.02539</subfield>
   <subfield code="r">2017-11-23</subfield>
   <subfield code="v">118000.00</subfield>
   <subfield code="w">2017-11-23</subfield>
   <subfield code="y">BK</subfield>
  </datafield>
  <datafield tag="952" ind1=" " ind2=" ">
   <subfield code="0">0</subfield>
   <subfield code="1">0</subfield>
   <subfield code="2">ddc</subfield>
   <subfield code="4">0</subfield>
   <subfield code="6">345_597071100000000_O107</subfield>
   <subfield code="7">0</subfield>
   <subfield code="9">4135</subfield>
   <subfield code="a">000001</subfield>
   <subfield code="b">000001</subfield>
   <subfield code="d">2017-11-23</subfield>
   <subfield code="l">1</subfield>
   <subfield code="o">345.5970711 O107</subfield>
   <subfield code="p">MD.02540</subfield>
   <subfield code="r">2021-01-20</subfield>
   <subfield code="s">2021-01-06</subfield>
   <subfield code="v">118000.00</subfield>
   <subfield code="w">2017-11-23</subfield>
   <subfield code="y">BK</subfield>
  </datafield>
  <datafield tag="952" ind1=" " ind2=" ">
   <subfield code="0">0</subfield>
   <subfield code="1">0</subfield>
   <subfield code="2">ddc</subfield>
   <subfield code="4">0</subfield>
   <subfield code="6">345_597071100000000_O107</subfield>
   <subfield code="7">0</subfield>
   <subfield code="9">4136</subfield>
   <subfield code="a">000001</subfield>
   <subfield code="b">000001</subfield>
   <subfield code="d">2017-11-23</subfield>
   <subfield code="l">2</subfield>
   <subfield code="o">345.5970711 O107</subfield>
   <subfield code="p">MD.02541</subfield>
   <subfield code="r">2021-01-20</subfield>
   <subfield code="s">2021-01-06</subfield>
   <subfield code="v">118000.00</subfield>
   <subfield code="w">2017-11-23</subfield>
   <subfield code="y">BK</subfield>
  </datafield>
  <datafield tag="952" ind1=" " ind2=" ">
   <subfield code="0">0</subfield>
   <subfield code="1">0</subfield>
   <subfield code="2">ddc</subfield>
   <subfield code="4">0</subfield>
   <subfield code="6">345_597071100000000_O107</subfield>
   <subfield code="7">0</subfield>
   <subfield code="9">4137</subfield>
   <subfield code="a">000001</subfield>
   <subfield code="b">000001</subfield>
   <subfield code="d">2017-11-23</subfield>
   <subfield code="l">1</subfield>
   <subfield code="o">345.5970711 O107</subfield>
   <subfield code="p">MD.02542</subfield>
   <subfield code="r">2021-01-19</subfield>
   <subfield code="s">2021-01-06</subfield>
   <subfield code="v">118000.00</subfield>
   <subfield code="w">2017-11-23</subfield>
   <subfield code="y">BK</subfield>
  </datafield>
  <datafield tag="952" ind1=" " ind2=" ">
   <subfield code="0">0</subfield>
   <subfield code="1">0</subfield>
   <subfield code="2">ddc</subfield>
   <subfield code="4">0</subfield>
   <subfield code="6">345_597071100000000_O107</subfield>
   <subfield code="7">0</subfield>
   <subfield code="9">4138</subfield>
   <subfield code="a">000001</subfield>
   <subfield code="b">000001</subfield>
   <subfield code="d">2017-11-23</subfield>
   <subfield code="l">2</subfield>
   <subfield code="o">345.5970711 O107</subfield>
   <subfield code="p">MD.02543</subfield>
   <subfield code="r">2021-01-19</subfield>
   <subfield code="s">2021-01-06</subfield>
   <subfield code="v">118000.00</subfield>
   <subfield code="w">2017-11-23</subfield>
   <subfield code="y">BK</subfield>
  </datafield>
  <datafield tag="952" ind1=" " ind2=" ">
   <subfield code="0">0</subfield>
   <subfield code="1">0</subfield>
   <subfield code="2">ddc</subfield>
   <subfield code="4">0</subfield>
   <subfield code="6">345_597071100000000_O107</subfield>
   <subfield code="7">0</subfield>
   <subfield code="9">4140</subfield>
   <subfield code="a">000001</subfield>
   <subfield code="b">000001</subfield>
   <subfield code="d">2017-11-23</subfield>
   <subfield code="l">2</subfield>
   <subfield code="o">345.5970711 O107</subfield>
   <subfield code="p">MD.02545</subfield>
   <subfield code="r">2021-01-22</subfield>
   <subfield code="s">2021-01-06</subfield>
   <subfield code="v">118000.00</subfield>
   <subfield code="w">2017-11-23</subfield>
   <subfield code="y">BK</subfield>
  </datafield>
  <datafield tag="952" ind1=" " ind2=" ">
   <subfield code="0">0</subfield>
   <subfield code="1">0</subfield>
   <subfield code="2">ddc</subfield>
   <subfield code="4">0</subfield>
   <subfield code="6">345_597071100000000_O107</subfield>
   <subfield code="7">0</subfield>
   <subfield code="9">4141</subfield>
   <subfield code="a">000001</subfield>
   <subfield code="b">000001</subfield>
   <subfield code="d">2017-11-23</subfield>
   <subfield code="l">2</subfield>
   <subfield code="o">345.5970711 O107</subfield>
   <subfield code="p">MD.02546</subfield>
   <subfield code="r">2021-01-13</subfield>
   <subfield code="s">2021-01-06</subfield>
   <subfield code="v">118000.00</subfield>
   <subfield code="w">2017-11-23</subfield>
   <subfield code="y">BK</subfield>
  </datafield>
  <datafield tag="952" ind1=" " ind2=" ">
   <subfield code="0">0</subfield>
   <subfield code="1">0</subfield>
   <subfield code="2">ddc</subfield>
   <subfield code="4">0</subfield>
   <subfield code="6">345_597071100000000_O107</subfield>
   <subfield code="7">0</subfield>
   <subfield code="9">4143</subfield>
   <subfield code="a">000001</subfield>
   <subfield code="b">000001</subfield>
   <subfield code="d">2017-11-23</subfield>
   <subfield code="l">2</subfield>
   <subfield code="o">345.5970711 O107</subfield>
   <subfield code="p">MD.02548</subfield>
   <subfield code="r">2021-01-19</subfield>
   <subfield code="s">2021-01-06</subfield>
   <subfield code="v">118000.00</subfield>
   <subfield code="w">2017-11-23</subfield>
   <subfield code="y">BK</subfield>
  </datafield>
  <datafield tag="980" ind1=" " ind2=" ">
   <subfield code="a">Thư viện Trường Đại học Nam Cần Thơ</subfield>
  </datafield>
 </record>
</collection>
